[Event "27th Chicago Open"]
[Site "Chicago"]
[Date "2018.05.26"]
[Round "4"]
[White "Tarjan, James"]
[Black "Colas, Joshua"]
[Result "1/2-1/2"]
[WhiteElo "2425"]
[BlackElo "2262"]
[PlyCount "65"]
[EventDate "2018.05.??"]
[EventType "swiss"]
[EventRounds "9"]
[EventCountry "USA"]

1. c4 e6 2. Nf3 Nf6 3. Nc3 Bb4 4. b3 O-O 5. Bb2 c5 6. a3 Ba5 7. g3 Nc6 8. Bg2
d5 9. O-O Bxc3 10. Bxc3 d4 11. Bb2 a5 12. b4 axb4 13. axb4 Rxa1 14. Qxa1 Nxb4
15. e3 dxe3 16. dxe3 Qe7 17. Qa5 Rd8 18. h3 Ne8 19. Ba3 Na6 20. Rb1 f6 21. Nd4
Qc7 22. Qxc7 Nexc7 23. Nb5 Nxb5 24. cxb5 Nb4 25. Bxb4 cxb4 26. g4 b6 27. Rxb4
Rd1+ 28. Kh2 Bd7 29. Bc6 Kf7 30. Ra4 Bxc6 31. bxc6 Rc1 32. Ra7+ Kg6 33. c7
1/2-1/2

[Event "27th Chicago Open"]
[Site "Chicago"]
[Date "2018.05.26"]
[Round "4"]
[White "Mulyar, Michael"]
[Black "Lehmann, Spencer"]
[Result "1/2-1/2"]
[WhiteElo "2400"]
[BlackElo "2226"]
[PlyCount "122"]
[EventDate "2018.05.??"]
[EventType "swiss"]
[EventRounds "9"]
[EventCountry "USA"]

1. d4 Nf6 2. Nf3 d5 3. c4 e6 4. g3 Bb4+ 5. Bd2 Bd6 6. Bg2 O-O 7. O-O c6 8. Qb3
Nbd7 9. Bb4 Bxb4 10. Qxb4 a5 11. Qb3 b6 12. Nbd2 Ba6 13. Rfe1 Rc8 14. e4 Nxe4
15. Nxe4 Bxc4 16. Qc2 dxe4 17. Qxc4 exf3 18. Bxf3 Nf6 19. b4 axb4 20. Qxb4 Nd5
21. Qb3 b5 22. a4 bxa4 23. Qxa4 Qf6 24. Bg2 Rfd8 25. Rac1 Ne7 26. Red1 g6 27.
Bxc6 Nxc6 28. Rxc6 Rxc6 29. Qxc6 Rxd4 30. Rb1 Kg7 31. Kg2 Qe5 32. Qf3 Qd5 33.
h4 Qxf3+ 34. Kxf3 h6 35. Rb7 Rd5 36. Ra7 Rf5+ 37. Kg2 Rb5 38. Rc7 g5 39. hxg5
Rxg5 40. Ra7 Rb5 41. Rc7 Kg6 42. Ra7 Rb4 43. Rc7 h5 44. Kf3 h4 45. gxh4 Rxh4
46. Ra7 Rb4 47. Rc7 f5 48. Rc6 Kf6 49. Ke3 Re4+ 50. Kf3 Rd4 51. Ke3 Rd8 52. Ra6
Ke7 53. f4 Kf6 54. Rb6 Rh8 55. Kf3 Rh3+ 56. Kf2 Ra3 57. Ke2 Kg6 58. Rxe6+ Kh5
59. Re3 Rxe3+ 60. Kxe3 Kg4 61. Ke2 Kxf4 1/2-1/2

[Event "27th Chicago Open"]
[Site "Chicago"]
[Date "2018.05.26"]
[Round "4"]
[White "Shetty, Atulya"]
[Black "Neal II, James"]
[Result "0-1"]
[WhiteElo "2373"]
[BlackElo "2155"]
[PlyCount "75"]
[EventDate "2018.05.??"]
[EventType "swiss"]
[EventRounds "9"]
[EventCountry "USA"]

1. c4 e6 2. g3 d5 3. Bg2 Nf6 4. Nf3 dxc4 5. Qa4+ Bd7 6. Qxc4 Bc6 7. O-O Nbd7 8.
d3 Bd5 9. Qc2 c5 10. Bd2 Be7 11. Na3 O-O 12. e4 Bc6 13. Nc4 b6 14. a4 Rc8 15.
Bf4 Nb8 16. Rfd1 Bb7 17. Qb3 Ba6 18. Nfe5 Nfd7 19. Nf3 Nc6 20. Nd6 Bxd6 21.
Bxd6 Re8 22. e5 Na5 23. Qa3 Bb7 24. Rac1 Bd5 25. b4 Nc6 26. bxc5 bxc5 27. Qc3
Bxf3 28. Bxf3 Nd4 29. Kg2 Nxf3 30. Kxf3 Qb6 31. Kg2 Qc6+ 32. Kg1 Qxa4 33. Ra1
Qg4 34. Rdb1 Nb6 35. Rxa7 Nd5 36. Qc4 Qe2 37. Rbb7 g5 38. Rxf7 0-1

[Event "27th Chicago Open"]
[Site "Chicago"]
[Date "2018.05.26"]
[Round "4"]
[White "Proleiko, Julian"]
[Black "Katz, Alexander"]
[Result "0-1"]
[WhiteElo "2168"]
[BlackElo "2355"]
[PlyCount "42"]
[EventDate "2018.05.??"]
[EventType "swiss"]
[EventRounds "9"]
[EventCountry "USA"]

1. d4 Nf6 2. c4 e6 3. g3 d5 4. Nf3 Be7 5. Bg2 O-O 6. O-O dxc4 7. Ne5 Nc6 8.
Nxc6 bxc6 9. Na3 Bxa3 10. bxa3 Nd5 11. e3 Rb8 12. Qa4 Rb6 13. e4 Nc3 14. Qc2
Qxd4 15. Be3 Qd3 16. Qxd3 cxd3 17. Bf3 Rb2 18. Kg2 d2 19. Bxa7 Ba6 20. Rh1 Rd8
21. Bc5 Bd3 0-1

[Event "27th Chicago Open"]
[Site "Chicago"]
[Date "2018.05.26"]
[Round "4"]
[White "Wang, Justin"]
[Black "Miellier, Yan"]
[Result "1-0"]
[WhiteElo "2338"]
[BlackElo "2050"]
[PlyCount "69"]
[EventDate "2018.05.??"]
[EventType "swiss"]
[EventRounds "9"]
[EventCountry "USA"]

1. e4 d6 2. d4 Nf6 3. Nc3 g6 4. Nf3 Bg7 5. Bd3 Bg4 6. Be3 Nc6 7. d5 Ne5 8. Be2
Nxf3+ 9. Bxf3 Bxf3 10. Qxf3 Nd7 11. h4 h5 12. Qe2 c5 13. f4 a6 14. Nd1 b5 15.
c3 Qc7 16. Nf2 Rb8 17. Rc1 b4 18. c4 b3 19. a3 e6 20. dxe6 fxe6 21. O-O Nb6 22.
f5 Qe7 23. Bg5 Bf6 24. Nh3 Bxg5 25. Nxg5 exf5 26. Qd3 O-O 27. exf5 Rxf5 28.
Rce1 Qg7 29. Ne6 Qf6 30. Qxd6 Rb7 31. Rxf5 gxf5 32. Re3 f4 33. Re5 Rg7 34. Qb8+
Kf7 35. Qf8+ 1-0

[Event "27th Chicago Open"]
[Site "Chicago"]
[Date "2018.05.25"]
[Round "3.1"]
[White "Shmeliov, Denis"]
[Black "Shimanov, Aleksandr"]
[Result "1/2-1/2"]
[WhiteElo "2443"]
[BlackElo "2625"]
[PlyCount "51"]
[EventDate "2018.05.??"]
[EventType "swiss"]
[EventRounds "9"]
[EventCountry "USA"]

1. d4 d5 2. c4 e6 3. Nc3 Be7 4. Nf3 Nf6 5. Bg5 Nbd7 6. e3 h6 7. Bh4 O-O 8. Rc1
c6 9. Bd3 dxc4 10. Bxc4 a6 11. O-O b5 12. Bd3 c5 13. a4 c4 14. Bb1 Qb6 15. e4
Bb4 16. e5 Nd5 17. Qc2 g6 18. Qd2 Bxc3 19. Qxh6 Bxd4 20. Ng5 N7f6 21. exf6 Nxf6
22. Bxg6 fxg6 23. Qxg6+ Kh8 24. Qh6+ Kg8 25. Qg6+ Kh8 26. Qh6+ 1/2-1/2

[Event "27th Chicago Open"]
[Site "Chicago"]
[Date "2018.05.25"]
[Round "3.2"]
[White "Dragun, Kamil"]
[Black "Boros, Denes"]
[Result "1/2-1/2"]
[WhiteElo "2591"]
[BlackElo "2423"]
[PlyCount "81"]
[EventDate "2018.05.??"]
[EventType "swiss"]
[EventRounds "9"]
[EventCountry "USA"]

1. Nf3 d5 2. g3 Bg4 3. Bg2 c6 4. c4 e6 5. cxd5 Bxf3 6. Bxf3 cxd5 7. O-O Nc6 8.
d4 Nf6 9. Nc3 Be7 10. e3 O-O 11. Bd2 Rc8 12. Qe2 Na5 13. Rfc1 Nc4 14. Be1 Nd6
15. Rc2 Qd7 16. Bg2 Rc7 17. f3 Nc4 18. Rac1 Rfc8 19. Nd1 Nb6 20. Rxc7 Rxc7 21.
Nc3 Na4 22. Rc2 Qc8 23. Qb5 Nxc3 24. bxc3 a6 25. Qd3 b5 26. Rb2 Rc4 27. Bf1 Nd7
28. Qd1 Ra4 29. Bd3 Nb6 30. Re2 Ra3 31. Bc2 Nc4 32. Qb1 g6 33. Bb3 Qc7 34. Kg2
Kg7 35. h4 h5 36. e4 dxe4 37. Qxe4 Na5 38. d5 Nxb3 39. axb3 Rxb3 40. dxe6 Qc4
41. Qxc4 1/2-1/2

[Event "27th Chicago Open"]
[Site "Chicago"]
[Date "2018.05.25"]
[Round "3.3"]
[White "Aldama Degurnay, Dionisio"]
[Black "Azarov, Sergei"]
[Result "1/2-1/2"]
[WhiteElo "2432"]
[BlackElo "2560"]
[PlyCount "93"]
[EventDate "2018.05.??"]
[EventType "swiss"]
[EventRounds "9"]
[EventCountry "USA"]

1. e4 c5 2. Nf3 Nc6 3. Nc3 e6 4. d4 cxd4 5. Nxd4 Qc7 6. Be2 a6 7. O-O Nf6 8.
Be3 Be7 9. f4 d6 10. Qe1 O-O 11. Qg3 Bd7 12. Rad1 Nxd4 13. Bxd4 Bc6 14. a4 Rad8
15. b4 b5 16. axb5 axb5 17. Bxb5 Bxb5 18. Nxb5 Qc4 19. Qd3 Qxd3 20. cxd3 Rb8
21. Na7 Rxb4 22. Nc6 Rb7 23. Rb1 Rd7 24. Nxe7+ Rxe7 25. e5 dxe5 26. Bc5 Nd5 27.
Bxe7 Nxe7 28. fxe5 h5 29. Rb7 Nc6 30. Re1 Rd8 31. Rb6 Ne7 32. Rd6 Ra8 33. Rd7
Nf5 34. d4 Ra2 35. d5 exd5 36. Rxd5 Nh4 37. e6 Rxg2+ 38. Kh1 fxe6 39. Rd8+ Kf7
40. Rf1+ Kg6 41. Rd4 Rg4 42. Rxg4+ hxg4 43. Kg1 Kg5 44. Kf2 Kf4 45. Ke2+ Nf3
46. h3 e5 47. hxg4 1/2-1/2

[Event "27th Chicago Open"]
[Site "Chicago"]
[Date "2018.05.25"]
[Round "3.4"]
[White "Lee, Michael"]
[Black "Ali Marandi, Cemil Can"]
[Result "1/2-1/2"]
[WhiteElo "2401"]
[BlackElo "2521"]
[PlyCount "37"]
[EventDate "2018.05.??"]
[EventType "swiss"]
[EventRounds "9"]
[EventCountry "USA"]

1. Nf3 d5 2. d4 Nf6 3. c4 c6 4. Nc3 e6 5. e3 a6 6. Ne5 Nbd7 7. f4 Bb4 8. Bd2
Bxc3 9. bxc3 Nxe5 10. fxe5 Ne4 11. Qg4 O-O 12. Bd3 f5 13. exf6 Rxf6 14. Bxe4
dxe4 15. Qxe4 Bd7 16. Ke2 Qa5 17. Rhf1 Raf8 18. Rxf6 Rxf6 19. Qe5 1/2-1/2

[Event "27th Chicago Open"]
[Site "Chicago"]
[Date "2018.05.26"]
[Round "3"]
[White "Hong, Andrew"]
[Black "Li, Ruifeng"]
[Result "1/2-1/2"]
[WhiteElo "2395"]
[BlackElo "2587"]
[PlyCount "101"]
[EventDate "2018.05.??"]
[EventType "swiss"]
[EventRounds "9"]
[EventCountry "USA"]

1. e4 e5 2. Nf3 Nc6 3. Bb5 a6 4. Ba4 g6 5. d4 b5 6. Bb3 exd4 7. Nxd4 Na5 8. a4
Nxb3 9. Nxb3 bxa4 10. Rxa4 Bg7 11. Nc3 Ne7 12. Bg5 f6 13. Be3 d6 14. h4 h5 15.
Nd5 O-O 16. Rc4 Be6 17. Nd4 Bf7 18. Nc6 Nxc6 19. Rxc6 Rb8 20. b3 Qe8 21. Qd3 f5
22. exf5 Rb5 23. c4 Bxd5 24. cxd5 gxf5 25. O-O Qe4 26. Qxe4 fxe4 27. Rxc7 Rxd5
28. Re7 Be5 29. Ra7 a5 30. Rc1 Rf7 31. Ra8+ Kh7 32. g3 Rb5 33. Rc6 Rxb3 34.
Rxa5 Rxe3 35. fxe3 Rf3 36. Rxe5 dxe5 37. Rc5 Rxg3+ 38. Kf2 Rg4 39. Rxe5 Kg6 40.
Rd5 Rxh4 41. Kg3 Rg4+ 42. Kh3 Rg5 43. Rd6+ Kf5 44. Rh6 Ke5 45. Kh4 Rg4+ 46. Kh3
Rg5 47. Kh4 Rg1 48. Rxh5+ Kd6 49. Ra5 Re1 50. Kg3 Rxe3+ 51. Kf2 1/2-1/2

[Event "27th Chicago Open"]
[Site "Chicago"]
[Date "2018.05.25"]
[Round "3"]
[White "Belous, Vladimir"]
[Black "Shetty, Atulya"]
[Result "1-0"]
[WhiteElo "2585"]
[BlackElo "2373"]
[PlyCount "75"]
[EventDate "2018.05.??"]
[EventType "swiss"]
[EventRounds "9"]
[EventCountry "USA"]

1. d4 d5 2. c4 c6 3. Nf3 Nf6 4. Nc3 a6 5. c5 Bf5 6. Qb3 Qc8 7. Nh4 Be6 8. e3 g6
9. Bd3 Bg7 10. Qc2 Nfd7 11. f4 f5 12. Na4 O-O 13. h3 Ra7 14. g4 fxg4 15. f5
Bxf5 16. Nxf5 gxf5 17. hxg4 Qc7 18. Qg2 e6 19. gxf5 exf5 20. Qh3 h6 21. Bxf5 b5
22. cxb6 Nxb6 23. Nc5 Nc4 24. Ne6 Qa5+ 25. Ke2 Rf6 26. Rf1 Nxb2 27. Bxb2 Qb5+
28. Kd1 Raf7 29. Kc1 Qe2 30. Nf4 Qc4+ 31. Bc2 c5 32. Kb1 cxd4 33. Rc1 Rb6 34.
Bb3 Qb5 35. Rc8+ Rf8 36. Rxf8+ Kxf8 37. Qf5+ Ke8 38. Nxd5 1-0

[Event "27th Chicago Open"]
[Site "Chicago"]
[Date "2018.05.26"]
[Round "3"]
[White "Stukopin, Andrey"]
[Black "Santarius, Erik"]
[Result "1-0"]
[WhiteElo "2580"]
[BlackElo "2368"]
[PlyCount "99"]
[EventDate "2018.05.??"]
[EventType "swiss"]
[EventRounds "9"]
[EventCountry "USA"]

1. e4 c6 2. Nc3 d5 3. Nf3 Nf6 4. e5 Ne4 5. Ne2 Qb6 6. d4 e6 7. Ng3 c5 8. Bd3
Nxg3 9. hxg3 h6 10. dxc5 Bxc5 11. Qe2 Bd7 12. c3 a5 13. g4 Na6 14. g5 O-O-O 15.
gxh6 gxh6 16. Rb1 Bf8 17. b4 axb4 18. cxb4 Nxb4 19. O-O Qa7 20. Be3 Qa4 21. Nd4
Kb8 22. Rb3 Nxd3 23. Qxd3 Rc8 24. Rfb1 Rc7 25. Qd2 Ba3 26. Nc2 Be7 27. Bb6 Rc4
28. Ne3 Bc6 29. Nxc4 dxc4 30. Rg3 Rc8 31. Ba5 Bd5 32. Bb4 Bxb4 33. Rxb4 Qc6 34.
Qc3 Be4 35. a4 Qd5 36. a5 Bd3 37. Kh2 Rc5 38. a6 b5 39. f4 Ka7 40. Rg7 Rc7 41.
Rg8 Qc5 42. Rd8 h5 43. Rxb5 Qxb5 44. Rxd3 cxd3 45. Qxc7+ Kxa6 46. Qd6+ Ka5 47.
Qa3+ Kb6 48. Qd6+ Ka5 49. Qa3+ Kb6 50. Qd6+ 1-0

[Event "27th Chicago Open"]
[Site "Chicago"]
[Date "2018.05.26"]
[Round "3"]
[White "Shabalov, Alexander"]
[Black "Wang, Justin"]
[Result "1-0"]
[WhiteElo "2564"]
[BlackElo "2338"]
[PlyCount "121"]
[EventDate "2018.05.??"]
[EventType "swiss"]
[EventRounds "9"]
[EventCountry "USA"]

1. c4 Nf6 2. Nc3 e6 3. e4 d5 4. e5 d4 5. exf6 dxc3 6. bxc3 Qxf6 7. Nf3 e5 8.
Bd3 Bg4 9. Be4 Nd7 10. h3 Bf5 11. Bxf5 Qxf5 12. O-O Be7 13. d4 O-O 14. Re1 Rad8
15. Qb3 Bf6 16. Qxb7 exd4 17. cxd4 Nb6 18. Ba3 Rb8 19. Qc6 Rfd8 20. Be7 Rd7 21.
Bc5 Rdd8 22. Be7 Qd7 23. Qxd7 Rxd7 24. Bxf6 gxf6 25. Rac1 Kf8 26. Re3 c6 27.
Kf1 Rc7 28. Nh4 Nc8 29. Rb3 Rxb3 30. axb3 Nd6 31. Ke2 Rb7 32. Rc3 a5 33. Kd3
Rd7 34. Nf3 Ke7 35. Rc2 Rb7 36. Nd2 Rd7 37. Kc3 Nf5 38. Nf3 Kd8 39. Ra2 Ra7 40.
g4 Nd6 41. Kd3 Kc7 42. Ra4 Kb7 43. Nd2 Ra8 44. f3 f5 45. g5 f4 46. Ne4 Nf5 47.
Nc5+ Kc7 48. Ke4 Ng3+ 49. Kxf4 Ne2+ 50. Ke3 Ng3 51. b4 Nf5+ 52. Ke4 Nh4 53.
Rxa5 Re8+ 54. Kf4 Ng6+ 55. Kg3 Ne7 56. Ra7+ Kb8 57. Rb7+ Kc8 58. Kg4 Ng6 59.
Rxf7 Rd8 60. Ne6 Rd6 61. Kf5 1-0

[Event "27th Chicago Open"]
[Site "Chicago"]
[Date "2018.05.26"]
[Round "3"]
[White "Rozman, Levy"]
[Black "Macieja, Bartlomiej"]
[Result "1/2-1/2"]
[WhiteElo "2389"]
[BlackElo "2534"]
[PlyCount "54"]
[EventDate "2018.05.??"]
[EventType "swiss"]
[EventRounds "9"]
[EventCountry "USA"]

1. d4 e6 2. Nf3 c5 3. c3 Nf6 4. Bf4 cxd4 5. cxd4 Qb6 6. Nc3 Qxb2 7. Bd2 Qb6 8.
e4 d5 9. Rb1 Qd8 10. Bb5+ Nc6 11. Ne5 Bd7 12. exd5 exd5 13. O-O Be7 14. Qa4 O-O
15. Bxc6 Bxc6 16. Nxc6 bxc6 17. Qxc6 Qd6 18. Qxd6 Bxd6 19. Rb5 a6 20. Rb6 Bc7
21. Rc6 Rfc8 22. g3 Ba5 23. Rxc8+ Rxc8 24. Nxd5 Nxd5 25. Bxa5 Rc4 26. Rb1 h5
27. Bb6 Ra4 1/2-1/2

[Event "27th Chicago Open"]
[Site "Chicago"]
[Date "2018.05.26"]
[Round "3"]
[White "Fernandez, Daniel"]
[Black "Chasin, Nico"]
[Result "1/2-1/2"]
[WhiteElo "2498"]
[BlackElo "2063"]
[PlyCount "225"]
[EventDate "2018.05.??"]
[EventType "swiss"]
[EventRounds "9"]
[EventCountry "USA"]

1. Nf3 Nf6 2. g3 d5 3. Bg2 c6 4. O-O Bf5 5. d3 h6 6. Nbd2 e6 7. Qe1 Be7 8. b3
O-O 9. Bb2 Bh7 10. e4 Nbd7 11. e5 Ne8 12. h4 Nc7 13. Qe3 a5 14. a3 a4 15. b4 c5
16. bxc5 Bxc5 17. Qf4 Nb8 18. Nh2 Nc6 19. Ng4 h5 20. Nh2 b5 21. Ndf3 b4 22.
axb4 Nxb4 23. Ba3 Nca6 24. Qd2 Nc6 25. g4 hxg4 26. Nxg4 Bf5 27. Ne3 Bg6 28. d4
Bxa3 29. Rxa3 Nc7 30. Rfa1 Qd7 31. Ng4 Qe7 32. h5 Bxh5 33. Nf6+ gxf6 34. Qh6
Bg6 35. Nh4 fxe5 36. Rh3 Qf6 37. Nxg6 Qg7 38. Qxg7+ Kxg7 39. Nxf8 Rxf8 40. Rc3
Nxd4 41. Rxc7 Ra8 42. c4 e4 43. cxd5 exd5 44. Ra2 Kf6 45. Rc3 Ke5 46. Rca3 Rg8
47. Kf1 Rb8 48. f3 Kf4 49. fxe4 Rb1+ 50. Kf2 dxe4 51. Rd2 Nb3 52. Re2 Nc5 53.
Bf1 f5 54. Rc2 e3+ 55. Ke2 Ne4 56. Rxa4 Kg3 57. Rc8 Nf6 58. Rf8 Ne4 59. Rxe4
fxe4 60. Kxe3 Kg4 61. Be2+ Kg5 62. Kxe4 Kg6 63. Ke3 Kg7 64. Rf4 Rb6 65. Bd3 Rf6
66. Bf5 Ra6 67. Rg4+ Kf7 68. Kf4 Ra5 69. Be4 Ke7 70. Rg6 Rb5 71. Bf5 Rb4+ 72.
Kg5 Rb2 73. Re6+ Kd8 74. Kf6 Kc7 75. Ke7 Rd2 76. Re5 Kb6 77. Be4 Rd4 78. Bd5
Kc5 79. Ke6 Rd2 80. Re1 Kd4 81. Kd6 Rb2 82. Rd1+ Ke3 83. Ke5 Rb4 84. Rf1 Ra4
85. Rf3+ Ke2 86. Be4 Ra7 87. Rb3 Re7+ 88. Kd4 Rd7+ 89. Bd5 Kf2 90. Rf3+ Ke2 91.
Rf4 Rd8 92. Rf5 Rd7 93. Rg5 Kf2 94. Kd3 Re7 95. Rg2+ Kf1 96. Ra2 Rd7 97. Ke4
Rd8 98. Bc4+ Ke1 99. Bb5 Rd2 100. Ra3 Rb2 101. Ke3 Re2+ 102. Kf3 Rf2+ 103. Kg3
Rd2 104. Bd3 Rb2 105. Kf3 Rf2+ 106. Ke4 Rb2 107. Ra1+ Kf2 108. Rf1+ Kg2 109.
Ke3 Rb8 110. Rf7 Rg8 111. Be4+ Kg1 112. Ke2 Re8 113. Rg7+ 1/2-1/2

[Event "27th Chicago Open"]
[Site "Chicago"]
[Date "2018.05.26"]
[Round "3"]
[White "Petesch, Gabriel"]
[Black "Nyzhnyk, Illya"]
[Result "0-1"]
[WhiteElo "2266"]
[BlackElo "2618"]
[PlyCount "80"]
[EventDate "2018.05.??"]
[EventType "swiss"]
[EventRounds "9"]
[EventCountry "USA"]

1. e4 c5 2. Nf3 Nc6 3. d4 cxd4 4. Nxd4 Qb6 5. Nb3 e6 6. Nc3 Nf6 7. Bd3 a6 8.
O-O Be7 9. Be3 Qc7 10. f4 d6 11. Qf3 h5 12. Na4 Nd7 13. c4 Nb4 14. Bd4 Bf6 15.
Bf2 Nxd3 16. Qxd3 b5 17. cxb5 axb5 18. Nc3 Qc4 19. Qxd6 b4 20. Nd2 Qa6 21. Qxb4
Rb8 22. Qc4 Rxb2 23. Rac1 O-O 24. Be3 Qa8 25. a4 Ba6 26. Nb5 Rc8 27. Qd3 Rd8
28. Nc4 Ne5 29. Qxd8+ Bxd8 30. Nxb2 Ng4 31. Bd4 Qxe4 32. Rcd1 Bb7 33. Rd2 Ba5
34. Nd6 Qd5 35. Bc3 Qc5+ 36. Bd4 Qxd6 37. Nc4 Qb4 38. Rc1 Bd5 39. Rb2 Qxa4 40.
h3 Bxc4 0-1

[Event "27th Chicago Open"]
[Site "Chicago"]
[Date "2018.05.25"]
[Round "3"]
[White "Itkin, David"]
[Black "Gareyev, Timur"]
[Result "0-1"]
[WhiteElo "2243"]
[BlackElo "2602"]
[PlyCount "70"]
[EventDate "2018.05.??"]
[EventType "swiss"]
[EventRounds "9"]
[EventCountry "USA"]

1. e4 e5 2. Nf3 Nc6 3. Nc3 Nf6 4. Be2 d5 5. exd5 Nxd5 6. O-O Nxc3 7. bxc3 e4 8.
Ne1 Bd6 9. f3 O-O 10. fxe4 Qh4 11. Nf3 Qxe4 12. d4 h6 13. Rb1 b6 14. Bd3 Qg4
15. Qe1 Bd7 16. h3 Qg3 17. Qxg3 Bxg3 18. Ba3 Bd6 19. Bxd6 cxd6 20. Rbe1 Rfe8
21. Bb5 Kf8 22. Kf2 Rac8 23. Rxe8+ Bxe8 24. Ke3 Nb4 25. cxb4 Bxb5 26. Rc1 Rc3+
27. Ke4 Ke7 28. Ne1 Bc6+ 29. Kf4 g5+ 30. Kg4 Kf6 31. Kh5 Be4 32. h4 Bg6+ 33.
Kxh6 gxh4 34. g4 hxg3 35. Ng2 Rc8 0-1

[Event "27th Chicago Open"]
[Site "Chicago"]
[Date "2018.05.25"]
[Round "3"]
[White "Homa, Seth"]
[Black "Chandra, Akshat"]
[Result "0-1"]
[WhiteElo "2231"]
[BlackElo "2500"]
[PlyCount "44"]
[EventDate "2018.05.??"]
[EventType "swiss"]
[EventRounds "9"]
[EventCountry "USA"]

1. c4 e5 2. Nc3 Bb4 3. Qc2 Nf6 4. Nf3 Nc6 5. e3 d6 6. Nd5 Ba5 7. a3 Nxd5 8.
cxd5 Ne7 9. b4 Bb6 10. Bc4 O-O 11. O-O Bg4 12. Ng5 Ng6 13. Ne4 Bd7 14. Be2 f5
15. Nc3 f4 16. Ne4 f3 17. Bxf3 Rxf3 18. gxf3 Nh4 19. Ng3 Nxf3+ 20. Kg2 Qh4 21.
Nf5 Qg4+ 22. Ng3 Rf8 0-1

[Event "27th Chicago Open"]
[Site "Chicago"]
[Date "2018.05.25"]
[Round "3"]
[White "Neal II, James"]
[Black "Mulyar, Michael"]
[Result "1/2-1/2"]
[WhiteElo "2155"]
[BlackElo "2400"]
[PlyCount "95"]
[EventDate "2018.05.??"]
[EventType "swiss"]
[EventRounds "9"]
[EventCountry "USA"]

1. e4 e5 2. Nf3 Nc6 3. Bc4 Nf6 4. d3 Be7 5. O-O O-O 6. Nbd2 d5 7. exd5 Nxd5 8.
Re1 Bg4 9. h3 Bh5 10. Ne4 Nb6 11. Ng3 Bxf3 12. Qxf3 Nxc4 13. dxc4 Nd4 14. Qd3
Bf6 15. Ne4 Bh4 16. Be3 Nc6 17. Rad1 Qxd3 18. Rxd3 f5 19. Nc3 Nb4 20. Rd2 Rad8
21. Nd5 Nxd5 22. cxd5 b6 23. Rdd1 Rf7 24. c4 Bf6 25. f3 Rfd7 26. Rc1 Kf7 27.
Rc2 c6 28. dxc6 Rc7 29. Rd2 Rxd2 30. Bxd2 Rxc6 31. b3 Ke6 32. Kf1 Bh4 33. Rd1
Rd6 34. Ke2 Bg3 35. Rb1 h6 36. Bb4 Rd7 37. c5 a5 38. Ba3 bxc5 39. Bxc5 Rc7 40.
Rc1 Bf4 41. Rc3 e4 42. fxe4 fxe4 43. Bd4 g6 44. Rxc7 Bxc7 45. g4 h5 46. gxh5
gxh5 47. Bc3 Kd5 48. a4 1/2-1/2

[Event "27th Chicago Open"]
[Site "Chicago"]
[Date "2018.05.25"]
[Round "3"]
[White "Katz, Alexander"]
[Black "Graif, William"]
[Result "1/2-1/2"]
[WhiteElo "2355"]
[BlackElo "2130"]
[PlyCount "66"]
[EventDate "2018.05.??"]
[EventType "swiss"]
[EventRounds "9"]
[EventCountry "USA"]

1. e4 c5 2. Nf3 d6 3. d4 cxd4 4. Nxd4 Nf6 5. Nc3 g6 6. Be3 Bg7 7. f3 O-O 8. Qd2
Nc6 9. O-O-O d5 10. exd5 Nxd5 11. Nxc6 bxc6 12. Bd4 Bxd4 13. Qxd4 Qb6 14. Na4
Qc7 15. Bc4 Rd8 16. g3 Bh3 17. Qf2 Nb6 18. Bb3 Nxa4 19. Bxa4 c5 20. Qe3 Be6 21.
Rxd8+ Rxd8 22. Rd1 Rxd1+ 23. Kxd1 h5 24. Ke2 h4 25. Kf2 Bxa2 26. b3 c4 27. b4
c3 28. Qc5 hxg3+ 29. hxg3 Qxc5+ 30. bxc5 Kf8 31. Ke3 e5 32. f4 exf4+ 33. gxf4
Ke7 1/2-1/2

[Event "27th Chicago Open"]
[Site "Chicago"]
[Date "2018.05.25"]
[Round "2"]
[White "Stukopin, Andrey"]
[Black "Rozman, Levy"]
[Result "1/2-1/2"]
[WhiteElo "2580"]
[BlackElo "2389"]
[PlyCount "58"]
[EventDate "2018.05.??"]
[EventType "swiss"]
[EventRounds "9"]
[EventCountry "USA"]

1. e4 c6 2. Nf3 d5 3. Nc3 dxe4 4. Nxe4 Nf6 5. Qe2 Bg4 6. Nxf6+ gxf6 7. h3 Bh5
8. b3 Qd5 9. g4 Bg6 10. c4 Qd6 11. Bb2 Na6 12. Nh4 O-O-O 13. Nxg6 hxg6 14.
O-O-O e5 15. g5 Bg7 16. d4 exd4 17. Rxd4 Qxd4 18. Bxd4 Rxd4 19. Qf3 f5 20. Be2
Rhd8 21. Rd1 Rxd1+ 22. Bxd1 Nb4 23. a3 Na2+ 24. Kc2 Nc3 25. Be2 Ne4 26. Qf4 Bf8
27. b4 Rd2+ 28. Qxd2 Nxd2 29. Kxd2 c5 1/2-1/2

[Event "27th Chicago Open"]
[Site "Chicago"]
[Date "2018.05.25"]
[Round "2"]
[White "Hong, Andrew"]
[Black "Shabalov, Alexander"]
[Result "1/2-1/2"]
[WhiteElo "2395"]
[BlackElo "2564"]
[PlyCount "46"]
[EventDate "2018.05.??"]
[EventType "swiss"]
[EventRounds "9"]
[EventCountry "USA"]

1. e4 c6 2. d4 d5 3. e5 Bf5 4. Nf3 e6 5. Be2 Bb4+ 6. c3 Ba5 7. O-O Nd7 8. Be3
Bc7 9. Nbd2 f6 10. exf6 Ngxf6 11. Nh4 O-O 12. f3 Ng4 13. fxg4 Qxh4 14. Bf4 Bc2
15. Qxc2 Bxf4 16. g3 Bxg3 17. Nf3 Qxg4 18. hxg3 Qxg3+ 19. Kh1 Rf6 20. Nh2 Rh6
21. Bd1 Rf8 22. Rxf8+ Nxf8 23. Qg2 Qe1+ 1/2-1/2

[Event "27th Chicago Open"]
[Site "Chicago"]
[Date "2018.05.25"]
[Round "2"]
[White "Santarius, Erik"]
[Black "Perelshteyn, Eugene"]
[Result "1/2-1/2"]
[WhiteElo "2368"]
[BlackElo "2522"]
[PlyCount "64"]
[EventDate "2018.05.??"]
[EventType "swiss"]
[EventRounds "9"]
[EventCountry "USA"]

1. d4 g6 2. e4 Bg7 3. Nc3 c6 4. Nf3 d6 5. a4 Bg4 6. Be2 e6 7. O-O Ne7 8. Be3 d5
9. Qd2 Nd7 10. Bh6 O-O 11. Bxg7 Kxg7 12. Qf4 Bxf3 13. Bxf3 Qb8 14. Qh4 Qd8 15.
Qf4 Qb8 16. Qh4 Re8 17. Rfe1 a5 18. exd5 Nf5 19. Qh3 cxd5 20. Nb5 Nf6 21. Be2
e5 22. dxe5 Qxe5 23. Qc3 Qxc3 24. Nxc3 Nd4 25. Bd3 Nc6 26. Kf1 Nb4 27. Rad1
Rxe1+ 28. Kxe1 Rc8 29. Rd2 h5 30. Kd1 Ng4 31. h3 Nxd3 32. cxd3 Nf6 1/2-1/2

[Event "27th Chicago Open"]
[Site "Chicago"]
[Date "2018.05.25"]
[Round "2"]
[White "Ali Marandi, Cemil Can"]
[Black "Katz, Alexander"]
[Result "1-0"]
[WhiteElo "2521"]
[BlackElo "2355"]
[PlyCount "72"]
[EventDate "2018.05.??"]
[EventType "swiss"]
[EventRounds "9"]
[EventCountry "USA"]

1. d4 Nf6 2. Bf4 g6 3. Nc3 d6 4. e4 c6 5. e5 dxe5 6. dxe5 Nd5 7. Nxd5 cxd5 8.
Qd2 Nc6 9. Rd1 Bg4 10. Be2 Bxe2 11. Qxe2 Qa5+ 12. c3 Qxa2 13. e6 fxe6 14. Qxe6
Bg7 15. Ne2 Rd8 16. O-O Rf8 17. Rfe1 Rd7 18. Qh3 Qxb2 19. Qxh7 Bxc3 20. Qxg6+
Kd8 21. Rb1 Qa3 22. Rec1 d4 23. Qxc6 Rxf4 24. Qc4 e5 25. Nxf4 exf4 26. Qg8+ Kc7
27. h4 Qc5 28. Qg4 Rf7 29. Qf3 b5 30. Qd3 Rf5 31. Rxb5 Qxb5 32. Qxd4 Rc5 33.
Rxc3 Rxc3 34. Qxc3+ Kb7 35. Qf3+ Kb6 36. Qxf4 a5 1-0

[Event "27th Chicago Open"]
[Site "Chicago"]
[Date "2018.05.25"]
[Round "2"]
[White "Aaron, Deepak"]
[Black "Georgiev, Vladimir"]
[Result "1/2-1/2"]
[WhiteElo "2361"]
[BlackElo "2515"]
[PlyCount "51"]
[EventDate "2018.05.??"]
[EventType "swiss"]
[EventRounds "9"]
[EventCountry "USA"]

1. e4 d6 2. d4 Nf6 3. f3 c6 4. c4 a6 5. Be3 Nbd7 6. Qd2 e5 7. Nc3 Be7 8. O-O-O
b5 9. g4 b4 10. Na4 exd4 11. Bxd4 c5 12. Be3 Bb7 13. Bf4 Qa5 14. b3 Ne5 15. g5
Nfd7 16. Bh3 Bc6 17. Bxd7+ Nxd7 18. Bxd6 Bxd6 19. Qxd6 Bxa4 20. bxa4 Qxa4 21.
Rd3 O-O-O 22. Ne2 Qxa2 23. Kd1 Qa5 24. Qc6+ Kb8 25. Qd6+ Ka8 26. Qe7 1/2-1/2